World Map with Chunks Taken Out - Statistics

General Stats
  • This quiz has been taken 229 times
  • The average score is 10 of 15
Answers on the Map
Answers color-coded by a green-red scale on the quiz's map according to % correct below.
 
Answer Stats
Country % Correct
China
87%
Angola
84%
Argentina
79%
United States
77%
Iran
76%
Finland
73%
Iceland
67%
Australia
66%
Libya
64%
Indonesia
62%
Italy
61%
Somalia
61%
Tanzania
56%
Kazakhstan
45%
Peru
45%
No matching quizzes found
Score Distribution
Percent of People with Each Score
Percentile by Number Answered
Your Score History
You have not taken this quiz